|
|
|
|
| LEADER |
00000nam a2200000Ii 4500 |
| 001 |
DIGCOLMX0182 |
| 003 |
NyNyDIG |
| 007 |
cr ||||||||||| |
| 008 |
211221s2016 mx ab ob 000 0 spa d |
| 006 |
m o d |
| 035 |
|
|
|a (OCoLC)1319855103
|
| 040 |
|
|
|a DGITA
|b eng
|e rda
|e pn
|c DGITA
|
| 020 |
|
|
|a 9786074629217
|q eBook
|
| 020 |
|
|
|z 9786074628609
|
| 041 |
1 |
|
|a spa
|h eng
|
| 043 |
|
|
|a s-bo---
|
| 050 |
1 |
4 |
|a F3321 ebook
|
| 082 |
1 |
4 |
|a 984
|
| 100 |
1 |
|
|a Klein, Herbert S.,
|e author.
|
| 240 |
1 |
0 |
|a Concise history of Bolivia.
|l Spanish
|s (Rayas)
|
| 245 |
1 |
0 |
|a Historia mínima de Bolivia /
|c Herbert S. Klein ; traducción de Lucia Rayas.
|
| 250 |
|
|
|a Primera edición.
|
| 264 |
|
1 |
|a México, D.F. :
|b El Colegio de México :
|b Turner,
|c [2016]
|
| 300 |
|
|
|a 1 online resource :
|b illustrations, maps.
|
| 336 |
|
|
|a text
|b txt
|2 rdacontent
|
| 337 |
|
|
|a computer
|b c
|2 rdamedia
|
| 338 |
|
|
|a online resource
|b cr
|2 rdacarrier
|
| 347 |
|
|
|a text file
|2 rdaft
|
| 347 |
|
|
|b EPUB
|
| 490 |
1 |
|
|a Colección Historias mínimas
|
| 504 |
|
|
|a Includes bibliographical references.
|
| 588 |
0 |
|
|a Online resource; title from ePub title page (Digitalia, viewed December 21, 2021)
|
| 651 |
|
0 |
|a Bolivia
|x History.
|
| 655 |
|
0 |
|a Electronic books.
|
| 700 |
1 |
|
|a Rayas, Lucía,
|e translator.
|
| 700 |
1 |
|
|i Translation of:
|a Klein, Herbert S.
|t Concise history of Bolivia.
|
| 791 |
2 |
|
|a Digitalia (Firm),
|e distributor.
|
| 793 |
0 |
|
|g Digitalia eBook Collection:
|a El Colegio de México
|
| 776 |
0 |
8 |
|i Print version:
|a Klein, Herbert S.
|s Concise history of Bolivia. Spanish (Rayas).
|t Historia mínima de Bolivia.
|b Primera edición.
|d México, D.F. : El Colegio de México, 2015
|z 9786074628609
|
| 830 |
|
0 |
|a Historia mínima (Mexico City, Mexico)
|
| 856 |
4 |
0 |
|3 Digitalia Hispánica
|u https://www.digitaliapublishing.com/a/105542/
|
| 910 |
|
|
|a Premium collection: 2022
|